| 000 | 00639nam a2200241Ia 4500 | ||
|---|---|---|---|
| 003 | OSt | ||
| 005 | 20220928144130.0 | ||
| 006 | a|||||r|||| 00| 0 | ||
| 007 | ta | ||
| 008 | 220927b |||||||| |||| 00| 0 eng d | ||
| 024 | _a24425 | ||
| 037 | _cTextual | ||
| 040 |
_aSDCL _cSDCL _beng |
||
| 041 |
_2eng _aeng |
||
| 082 | _aX:8F, P0 | ||
| 100 |
_aJones Kumen H _9503345 |
||
| 245 | 0 |
_aIntroduction to financial accounting _b A user perspective |
|
| 250 | _a2 | ||
| 260 | _c2000 | ||
| 700 |
_a Werner Michael L _9503346 |
||
| 942 |
_hX:8F, P0 _cTEXL _2CC |
||
| 999 |
_c826339 _d826339 |
||